[Event "Titled Tuesday intern op 18th Jan"]
[Site "Chess.com INT"]
[Date "2022.01.18"]
[Round "3"]
[White "Hirneise, Jens"]
[Black "Havanecz, Bianka"]
[Result "1-0"]
[WhiteElo "2327"]
[BlackElo "2249"]
[PlyCount "37"]
[EventDate "2022.01.18"]
[EventType "swiss (blitz)"]
[EventRounds "11"]
[EventCountry "USA"]
[SourceTitle "CBM 206 Extra"]
[Source "ChessBase"]
[SourceDate "2022.03.31"]
[SourceVersion "1"]
[SourceVersionDate "2022.03.31"]
[SourceQuality "1"]

1. e4 c6 2. Nf3 d5 3. exd5 cxd5 4. Ne5 a6 5. d4 Nf6 6. c3 e6 7. Bd3 Bd6 8. 0-0 0-0 9. f4 b5 10. Nd2 b4 11. Rf3 bxc3 12. bxc3 Nbd7 13. Rh3 g6 14. Ndf3 Ne4 15. Bxe4 dxe4 16. Ng5 Bxe5 17. fxe5 Nxe5 18. Nxh7 Re8 19. Bg5 1-0

[Event "Titled Tuesday intern op 18th Jan"]
[Site "Chess.com INT"]
[Date "2022.01.18"]
[Round "6"]
[White "Krutko, Anatoly"]
[Black "Havanecz, Bianka"]
[Result "0-1"]
[WhiteElo "2397"]
[BlackElo "2249"]
[PlyCount "154"]
[EventDate "2022.01.18"]
[EventType "swiss (blitz)"]
[EventRounds "11"]
[EventCountry "USA"]
[SourceTitle "CBM 206 Extra"]
[Source "ChessBase"]
[SourceDate "2022.03.31"]
[SourceVersion "1"]
[SourceVersionDate "2022.03.31"]
[SourceQuality "1"]

1. e4 c6 2. Nc3 d5 3. Qe2 g6 4. exd5 cxd5 5. Qb5+ Nc6 6. Qxd5 Be6 7. Qxd8+ Rxd8 8. Nf3 Bg7 9. Be2 Nh6 10. 0-0 0-0 11. d3 Nb4 12. Bd1 Bg4 13. a3 Bxf3 14. axb4 Bxd1 15. Rxd1 a6 16. b5 axb5 17. Bxh6 Bxh6 18. Nxb5 Bg7 19. c3 Ra8 20. d4 Rfd8 21. Kf1 h5 22. Ke2 Rxa1 23. Rxa1 e5 24. dxe5 Bxe5 25. h3 Rd5 26. Na3 Bf4 27. Rd1 Re5+ 28. Kf3 Rf5 29. Ke4 Bh2 30. f3 Rg5 31. g4 Re5+ 32. Kd3 hxg4 33. hxg4 Bf4 34. Nc4 Re7 35. Kd4 Rd7+ 36. Ke4 Rxd1 37. Kxf4 Rb1 38. b4 Rb3 39. Na5 Rxc3 40. Nxb7 Rc4+ 41. Kg5 Rxb4 42. Nd6 Rd4 43. Ne4 Rd5+ 44. Kf6 Ra5 45. f4 Ra6+ 46. Ke5 Kg7 47. g5 Ra5+ 48. Kd4 Rf5 49. Ke3 Kf8 50. Nd6 Ra5 51. Nc4 Ra4 52. Nb6 Rb4 53. Nd5 Rb3+ 54. Ke4 Ke8 55. Ke5 Rb1 56. Kf6 Rd1 57. Nc7+ Kf8 58. f5 gxf5 59. Kxf5 Rd6 60. Ke5 Rg6 61. Kf5 Rc6 62. Nd5 Rc5 63. Ke5 Kg7 64. Kd6 Rxd5+ 65. Kxd5 Kg6 66. Ke4 Kxg5 67. Kf3 Kf5 68. Kg3 Ke4 69. Kf2 Kf4 70. Ke2 Kg3 71. Kf1 f5 72. Kg1 f4 73. Kf1 Kf3 74. Kg1 Ke2 75. Kh1 f3 76. Kh2 f2 77. Kg2 f1Q+ 0-1

[Event "Titled Tuesday intern op 18th Jan"]
[Site "Chess.com INT"]
[Date "2022.01.18"]
[Round "10"]
[White "Lehtosaari, Mauri"]
[Black "Havanecz, Bianka"]
[Result "1-0"]
[WhiteElo "2199"]
[BlackElo "2249"]
[PlyCount "105"]
[EventDate "2022.01.18"]
[EventType "swiss (blitz)"]
[EventRounds "11"]
[EventCountry "USA"]
[SourceTitle "CBM 206 Extra"]
[Source "ChessBase"]
[SourceDate "2022.03.31"]
[SourceVersion "1"]
[SourceVersionDate "2022.03.31"]
[SourceQuality "1"]

1. d4 c6 2. Nf3 d5 3. Bg5 Nh6 4. Nbd2 Nf5 5. c3 h6 6. Bf4 e6 7. e4 dxe4 8. Nxe4 Nd7 9. g4 Nh4 10. Nd6+ Bxd6 11. Bxd6 Nxf3+ 12. Qxf3 Qf6 13. Qe2 b6 14. Bg2 Bb7 15. 0-0-0 0-0-0 16. h4 Rde8 17. Rde1 Rhg8 18. f4 Nb8 19. Qc4 Rd8 20. Be5 Qe7 21. f5 Rge8 22. Bg3 Qd7 23. fxe6 Rxe6 24. Rxe6 Qxe6 25. Qxe6+ fxe6 26. Rf1 c5 27. Bxb7+ Kxb7 28. dxc5 bxc5 29. Bxb8 Kxb8 30. Rf7 g5 31. hxg5 hxg5 32. Rg7 Rd5 33. Kc2 Re5 34. Kd3 a5 35. Kc4 a4 36. b3 axb3 37. axb3 Kc8 38. Kb5 Kd8 39. Kc6 Re4 40. Kd6 Ke8 41. Rxg5 Kf7 42. Rxc5 Rxg4 43. b4 Kf6 44. b5 Rg1 45. b6 Rd1+ 46. Kc7 Rb1 47. c4 e5 48. b7 Kf5 49. Rc6 e4 50. Rb6 Rxb6 51. Kxb6 e3 52. b8Q e2 53. Qe8 1-0